00868 a2200241 4500010001400000020002300014035001300037037001800050082001100068090001500079100002500094245009900119260004300218270005700261300003000318490004700348500002000395650001300415700002200428942002600450999001500476952013500491 aENG-85248 a8185931747c400.00 aEN-68781 bD.B.Act / Pub14a531.11 c1864d18641 aBhattacharjee, J. K.1 aNonlinear dynamicsbnear and far from equilibriumcby J. K. Bhattacharjee and S. Bhattacharyya aNew DelhibHindustan Book Agencyc2007 aP-19, Green Park ExtensionbNew DelhicDelhie110016 avii, 304 p.c24 cm. (Pbk) aTexts and readings in physical sciencesv7 aIncludes index. aDynamics aBhattacharyya, S. adplcENk531.11 / BHA c1832d1832 00102ddc40718NFICaDBADbDBADeDBAD/PUBg400.00l0o531.11 BHApEN-68781r2008-09-15 00:00:00t1u1941v400.00w2008-09-15yEN